10 Most Played Sports in Australia - Statistics

General Stats
  • This quiz has been taken 308 times
  • The average score is 6 of 10
Answer Stats
Rank Sport % Correct
3 Soccer/Football
96%
9 Rugby League
86%
8 Cricket
84%
6 AFL
74%
5 Basketball
71%
1 Swimming
65%
7 Tennis
65%
10 Netball
43%
2 Cycling
9%
4 Dancing
3%
No matching quizzes found
Score Distribution
Percent of People with Each Score
Percentile by Number Answered
Your Score History
You have not taken this quiz